Kosmici z serialu Kapitan Bomba - Statystyki

Ogólne statystyki
  • Ten quiz został rozwiązany 338 razy
    333 od ostatniego zresetowania
  • Średni wynik to 9 z 33
Statystyki odpowiedzi
Gatunek % Poprawnych
Kurvinox
97%
Skurwol
81%
Zdupydomordyzaur
74%
Chujew
67%
C'qrwozaur
62%
Skurwiwij
58%
Dodupyzaur
57%
Kutanoid
47%
Bengal
43%
Kurwczerw
34%
Homofobodaktyl
30%
Nadesrał
27%
Kutnapletes
25%
Skurwodaktyl
24%
Pedator
18%
Pterokosmita
18%
Lichuj
17%
Analbis
15%
Huczsrajajamiński Kret
15%
Kutołak
15%
Analoerektus
14%
Chujowa Małpa
13%
Chujwiłeb
10%
Dżdżokutanica
8%
Wpierdol
8%
Medupa
7%
Zdupix
6%
Owsiki
5%
Terminator
4%
Ewok
3%
Wpiździec
3%
Dupokosmici
1%
Kapzkutowy Kutodaktyl
1%
Nie znaleziono quizów pasujących do podanych kryteriów
Rozkład punktacji
Procent ludzi z każdym wynikiem
Percentyl według liczby udzielonych odpowiedzi
Twoja historia wyników
Nie rozwiązałeś tego quizu od ostatniego zresetowania